LIBRARY & INFORMATION CENTRE, KCAET, TAVANUR

ONLINE PUBLIC ACCESS CATALOGUE (OPAC)

Normal view MARC view
  • Karunakaran, Thirunalloor .

Entry Personal Name

Number of records used in: 1

001 - CONTROL NUMBER

  • control field: 1786

003 - CONTROL NUMBER IDENTIFIER

  • control field: OSt

005 - DATE AND TIME OF LATEST TRANSACTION

  • control field: 20161014143235.0

008 - FIXED-LENGTH DATA ELEMENTS

  • fixed length control field: 161014|| aca||aabn | a|a d

040 ## - CATALOGING SOURCE

  • Original cataloging agency: OSt
  • Transcribing agency: OSt

100 ## - HEADING--PERSONAL NAME

  • Personal name: Karunakaran, Thirunalloor .

670 ## - SOURCE DATA FOUND

  • Source citation: Work cat.: (OSt)11744: Karunakaran, Thirunalloor ., Malayala Bhasha Painamam Siddanthangalum Vasthutakalum / , 1965.
free website counter